| 000 | 00687cam a2200277 4500 | ||
|---|---|---|---|
| 001 | ABS67910 | ||
| 008 | 040701n2004 000 0 eng u | ||
| 035 | _a(Sirsi) u126665 | ||
| 245 | _aRegional survey: East Midlands | ||
| 260 | _c2004 | ||
| 490 |
_aProperty Week _v69(24) 11 June 2004, 39-60(10) |
||
| 590 | _aABS | ||
| 590 | _aABS | ||
| 650 | _aEAST MIDLANDS | ||
| 650 | _aLEICESTER | ||
| 650 | _aNORTHAMPTONSHIRE | ||
| 650 | _aNORTHAMPTON | ||
| 650 | _aWELLINGBOROUGH | ||
| 650 | _aINDUSTRIAL MARKET | ||
| 650 | _aOFFICE MARKET | ||
| 650 | _aNOTTINGHAM | ||
| 650 | _aCORBY | ||
| 650 | _aPLANNING ISSUES | ||
| 690 | _aCOMMERCIAL PROPERTY-MARKET | ||
| 942 | _n0 | ||
| 999 |
_c117632 _d117632 |
||